Statistics for Premier League Golden Boot Winners

Click here to take the quiz!

General Stats

  • This quiz has been taken 62 times
    (30 since last reset)
  • The average score is 29 of 35

Answer Stats

SeasonNationalityClubNumber of GoalsPlayer% Correct
2007-08PortugueseManchester United31Cristiano Ronaldo
100%
2009-10IvorianChelsea29Didier Drogba
100%
2006-07IvorianChelsea20Didier Drogba
100%
2013-14UruguayanLiverpool31Luis Suárez
100%
-EgyptianLiverpool22Mohamed Salah
100%
2017-18EgyptianLiverpool32Mohamed Salah
100%
2012-13DutchManchester United26Robin Van Persie
100%
2011-12DutchArsenal30Robin Van Persie
100%
2014-15ArgentineManchester City26Sergio Agüero
100%
2005-06FrenchArsenal27Thierry Henry
100%
2004-05FrenchArsenal25Thierry Henry
100%
2001-02FrenchArsenal24Thierry Henry
100%
2003-04FrenchArsenal30Thierry Henry
100%
-BulgarianManchester United20Dimitar Berbatov
96%
2016-17EnglishTottenham Hotspur29Harry Kane
96%
2015-16EnglishTottenham Hotspur25Harry Kane
96%
2019-20EnglishLeicester City23Jamie Vardy
96%
1996-97EnglishNewcastle United25Alan Shearer
91%
1994-95EnglishBlackburn Rovers34Alan Shearer
91%
1995-96EnglishBlackburn Rovers31Alan Shearer
91%
2018-19GaboneseArsenal22Pierre-Emerick Aubameyang
91%
-EnglishLiverpool18Michael Owen
87%
1998-99EnglishLiverpool18Michael Owen
87%
2002-03DutchManchester United25Ruud Van Nistelrooy
83%
-SenegaleseLiverpool22Sadio Mané
83%
2010-11ArgentineManchester City20Carlos Tevez
74%
2008-09FrenchChelsea19Nicolas Anelka
70%
-Trinidad and TobagoManchester United18Dwight Yorke
65%
1993-94EnglishNewcastle United34Andy Cole
61%
1992–93EnglishTottenham Hotspur22Teddy Sheringham
61%
-EnglishCoventry City18Dion Dublin
43%
-DutchLeeds United18Jimmy Floyd Hasselbaink
43%
2000-01DutchChelsea23Jimmy Floyd Hasselbaink
43%
1999-2000EnglishSunderland30Kevin Phillips
43%
1997–98EnglishBlackburn Rovers18Chris Sutton
39%

Score Distribution

Percentile by Number Answered

Percent of People with Each Score

Your Score History

You have not taken this quiz since the last reset